Click Chain #9 - Literally - Statistics

General Stats
  • This quiz has been taken 13,249 times
  • The average score is 21 of 30
Answer Stats
Hint Answer % Correct
…where the most common religion is: Hinduism
98%
In 2023, the most populous country became: India
95%
…which is said to be a: Dead Language
89%
…which can describe languages still used in academia, like: Latin
87%
…which is based on texts composed in: Sanskrit
85%
…which is what English speakers call ice cream with vanilla, chocolate, and: Strawberry
83%
…who flew too close to the: Sun
83%
…whose third-largest city is: Naples
81%
…which is an example of an: Acronym
77%
…whose demonym is: Neapolitan
77%
…whose components are sometimes remembered with the mnemonic: ROYGBIV
77%
…who is an: Elf
76%
…which is popularly believed to be made out of a: Rainbow
74%
…whose gods lived in: Asgard
71%
…whose son was: Icarus
70%
…which is a yellow: Dwarf
69%
…whose popular variety was created by botanists as a: Hybrid
69%
…which existed in what is now: Italy
69%
…who lived in the: Labyrinth
68%
…who befriended: Legolas
65%
…whose bridge was called: Bifröst
64%
…who, for hundreds of years, was the country who was: Most Populous
63%
…who is one of the claimants of the disputed region of: Kashmir
60%
…which can also describe the: Minotaur
60%
…which was designed by: Daedalus
59%
…which is the race of the character: Gimli
57%
…which replaced and caused the extinction of: Etruscan
56%
…where the eastern region is administered by: China
51%
…which were mythological figures from the: Norse
49%
…which is, surprisingly, the etymological origin of: Pakistan
33%
No matching quizzes found
Score Distribution
Percent of People with Each Score
Percentile by Number Answered
Your Score History
You have not taken this quiz